[Event "Veneto-ch qf 80th"]
[Site "Sottomarina"]
[Date "2021.06.06"]
[Round "4.15"]
[White "Desideri, Leonardo"]
[Black "Corti, Lorenzo"]
[Result "1-0"]
[WhiteElo "1793"]
[BlackElo "1516"]
[PlyCount "35"]
[EventDate "2021.06.04"]
[EventType "swiss"]
[EventRounds "5"]
[EventCountry "ITA"]
[SourceTitle "EXT 2024"]
[Source "ChessBase"]
[SourceDate "2023.10.10"]
[SourceVersion "1"]
[SourceVersionDate "2023.10.10"]
[SourceQuality "1"]

1. d4 d5 2. Bf4 Nf6 3. e3 e6 4. Nf3 c5 5. c3 Nc6 6. Nbd2 b6 7. Bb5 Bd7 8. Qe2 Be7 9. Ba6 Bc8 10. Bd3 0-0 11. h4 g6 12. Bh6 Nh5 13. Bxf8 Bxf8 14. g4 c4 15. Bxg6 fxg6 16. gxh5 gxh5 17. Ng5 e5 18. Qxh5 1-0

[Event "Veneto-ch qf 80th"]
[Site "Sottomarina"]
[Date "2021.06.06"]
[Round "5.16"]
[White "Zangrando, Gianpietro"]
[Black "Corti, Lorenzo"]
[Result "1/2-1/2"]
[WhiteElo "1719"]
[BlackElo "1516"]
[PlyCount "63"]
[EventDate "2021.06.04"]
[EventType "swiss"]
[EventRounds "5"]
[EventCountry "ITA"]
[SourceTitle "EXT 2024"]
[Source "ChessBase"]
[SourceDate "2023.10.10"]
[SourceVersion "1"]
[SourceVersionDate "2023.10.10"]
[SourceQuality "1"]

1. Nf3 d5 2. d4 Nf6 3. c4 e6 4. g3 c6 5. Bg2 Nbd7 6. Qc2 Bd6 7. 0-0 0-0 8. Nbd2 Re8 9. e4 dxe4 10. Nxe4 Nxe4 11. Qxe4 e5 12. Qc2 exd4 13. Nxd4 Nc5 14. Be3 Qf6 15. b4 Ne6 16. Nxe6 Bxe6 17. a3 a6 18. Be4 h6 19. Rad1 Rad8 20. Bd4 Be5 21. Bxe5 Qxe5 22. Bg2 Bf5 23. Qc1 Rd3 24. Rfe1 Rxd1 25. Rxd1 Qe2 26. Bf1 Qe7 27. Qf4 Be6 28. Qd6 f6 29. c5 Bd5 30. Qxe7 Rxe7 31. Bh3 Kf7 32. Bg2 1/2-1/2

[Event "Veneto-ch qf 80th"]
[Site "Sottomarina"]
[Date "2021.06.05"]
[Round "2.15"]
[White "Passon, Stefano"]
[Black "Corti, Lorenzo"]
[Result "0-1"]
[WhiteElo "1765"]
[BlackElo "1516"]
[PlyCount "76"]
[EventDate "2021.06.04"]
[EventType "swiss"]
[EventRounds "5"]
[EventCountry "ITA"]
[SourceTitle "EXT 2024"]
[Source "ChessBase"]
[SourceDate "2023.10.10"]
[SourceVersion "1"]
[SourceVersionDate "2023.10.10"]
[SourceQuality "1"]

1. d4 d5 2. Nf3 e6 3. e3 Nf6 4. Bd3 Nbd7 5. Nbd2 Bd6 6. b3 0-0 7. Bb2 Re8 8. Ne5 c5 9. 0-0 a5 10. f4 g6 11. Qe1 Nh5 12. g4 Ng7 13. Qg3 a4 14. Bb5 a3 15. Bc3 f6 16. Nef3 Qc7 17. Rac1 cxd4 18. Bxd4 e5 19. fxe5 fxe5 20. Bxe5 Bxe5 21. Qg2 Re7 22. Ng5 Qc5 23. Bd3 Qxe3+ 24. Kh1 Qxg5 25. Qxd5+ Kh8 26. Bc4 Ne6 27. Rce1 Nb6 28. Qb5 Nxc4 29. Nxc4 Nd4 30. Qb6 Nc6 31. Qf2 Bxg4 32. Nxe5 Nxe5 33. Qd4 Kg8 34. Qd5+ Kg7 35. Qd4 Rae8 36. Re4 Kh6 37. h3 Bf3+ 38. Rxf3 Nxf3 0-1

[Event "Mogliano Veneto op 42nd"]
[Site "Mogliano Veneto"]
[Date "2021.04.25"]
[Round "4"]
[White "Corti, Lorenzo"]
[Black "Rossi, Gianni"]
[Result "1/2-1/2"]
[WhiteElo "1482"]
[BlackElo "1641"]
[PlyCount "83"]
[EventDate "2021.04.23"]
[EventType "swiss"]
[EventRounds "5"]
[EventCountry "ITA"]
[SourceTitle "EXT 2023"]
[Source "ChessBase"]
[SourceDate "2022.10.05"]
[SourceVersion "1"]
[SourceVersionDate "2022.10.05"]
[SourceQuality "1"]

1. e4 Nf6 2. e5 Nd5 3. d4 d6 4. c4 Nb6 5. exd6 exd6 6. Nc3 Nc6 7. Be3 Be7 8. Bd3 0-0 9. Nge2 Nb4 10. b3 Nxd3+ 11. Qxd3 Bf6 12. 0-0 Re8 13. Rad1 g6 14. Ng3 Bg4 15. Rde1 d5 16. c5 Nc8 17. f3 Be6 18. Re2 Ne7 19. Rfe1 Nf5 20. Bf2 Qd7 21. Qd2 c6 22. Nxf5 Bxf5 23. Rxe8+ Rxe8 24. Rxe8+ Qxe8 25. g4 Bd7 26. Kg2 Qe7 27. Be3 b6 28. Na4 Qd8 29. Bf4 b5 30. Nb2 Qc8 31. Nd1 Bg7 32. Nf2 f5 33. h3 Qd8 34. Qe3 Qe8 35. Nd3 fxg4 36. hxg4 Qxe3 37. Bxe3 h5 38. g5 Bf5 39. Nb4 Bd7 40. Kg3 Kf7 41. Kf4 a5 42. Nd3 1/2-1/2

[Event "Mogliano Veneto op 42nd"]
[Site "Mogliano Veneto"]
[Date "2021.04.23"]
[Round "1"]
[White "Persano, Marco"]
[Black "Corti, Lorenzo"]
[Result "0-1"]
[WhiteElo "999"]
[BlackElo "1482"]
[PlyCount "88"]
[EventDate "2021.04.23"]
[EventType "swiss"]
[EventRounds "5"]
[EventCountry "ITA"]
[SourceTitle "EXT 2023"]
[Source "ChessBase"]
[SourceDate "2022.10.05"]
[SourceVersion "1"]
[SourceVersionDate "2022.10.05"]
[SourceQuality "1"]

1. e4 c5 2. Nf3 g6 3. Nc3 Bg7 4. Bc4 Nc6 5. 0-0 e6 6. Ng5 Qxg5 7. Nb5 Be5 8. d3 Qh5 9. h3 a6 10. Na3 Qxd1 11. Rxd1 b5 12. Bb3 Nge7 13. Be3 Bxb2 14. Rab1 Bxa3 15. Bg5 0-0 16. Bh6 Rd8 17. c4 d5 18. cxd5 exd5 19. exd5 Nxd5 20. Bg5 f6 21. Bh4 g5 22. Bg3 Bf5 23. h4 Kg7 24. hxg5 fxg5 25. Bc2 Nc3 26. Re1 Nxb1 27. Bxb1 Re8 28. Rd1 Nd4 29. f4 Ne2+ 30. Kf2 Nxg3 31. Kxg3 gxf4+ 32. Kf3 Rad8 33. Kxf4 Bg6 34. g4 c4 35. d4 Bxb1 36. Rxb1 Rxd4+ 37. Kg3 Re3+ 38. Kf2 Bc5 39. Rg1 Rd2+ 40. Kf1 Rd1+ 41. Kf2 Ree1+ 42. Kg3 Rxg1+ 43. Kf3 Rdf1+ 44. Ke2 Rf2# 0-1

[Event "Anti Cheating Blitz Cup"]
[Site "Chess.com INT"]
[Date "2020.05.20"]
[Round "10"]
[White "Corti, Lorenzo"]
[Black "Manigandan, Harshal"]
[Result "1-0"]
[WhiteElo "1393"]
[BlackElo "1279"]
[PlyCount "31"]
[EventDate "2020.05.20"]
[EventType "swiss (blitz)"]
[EventRounds "11"]
[EventCountry "USA"]
[SourceTitle "CBM 196 Extra"]
[Source "ChessBase"]
[SourceDate "2020.07.31"]
[SourceVersion "1"]
[SourceVersionDate "2020.07.31"]
[SourceQuality "1"]

1. e4 c6 2. d4 d5 3. Nd2 Nf6 4. e5 Ng8 5. Ngf3 Bg4 6. c3 e6 7. Be2 c5 8. h3 Bh5 9. 0-0 c4 10. b3 b5 11. a4 a6 12. axb5 Qb6 13. bxc4 dxc4 14. Nxc4 Qxb5 15. Nd6+ Bxd6 16. Bxb5+ 1-0

[Event "Anti Cheating Blitz Cup"]
[Site "Chess.com INT"]
[Date "2020.05.20"]
[Round "6"]
[White "Dryaeva, Lana"]
[Black "Corti, Lorenzo"]
[Result "1-0"]
[WhiteElo "1404"]
[BlackElo "1393"]
[PlyCount "45"]
[EventDate "2020.05.20"]
[EventType "swiss (blitz)"]
[EventRounds "11"]
[EventCountry "USA"]
[SourceTitle "CBM 196 Extra"]
[Source "ChessBase"]
[SourceDate "2020.07.31"]
[SourceVersion "1"]
[SourceVersionDate "2020.07.31"]
[SourceQuality "1"]

1. d4 Nf6 2. e3 e6 3. Nf3 d5 4. Bd3 c6 5. b3 Bd6 6. Bb2 Nbd7 7. Nbd2 g6 8. 0-0 0-0 9. Ne5 Qc7 10. f4 Re8 11. Rf3 c5 12. Rh3 cxd4 13. exd4 Bxe5 14. fxe5 Nh5 15. Qg4 Ng7 16. Qh4 Nf8 17. Nf3 Qe7 18. Ng5 Bd7 19. Qh6 f6 20. Nxh7 Nxh7 21. Qxh7+ Kf8 22. Bxg6 Nh5 23. Qh8# 1-0

[Event "Ottavi Province-ch 79th"]
[Site "Mestre"]
[Date "2019.01.27"]
[Round "5"]
[White "Belloni, Umberto"]
[Black "Corti, Lorenzo"]
[Result "1-0"]
[WhiteElo "1674"]
[BlackElo "1250"]
[PlyCount "45"]
[EventDate "2019.01.25"]
[EventType "swiss"]
[EventRounds "5"]
[EventCountry "ITA"]
[SourceTitle "EXT 2022"]
[Source "ChessBase"]
[SourceDate "2021.10.06"]
[SourceVersion "1"]
[SourceVersionDate "2021.10.06"]
[SourceQuality "1"]

1. d4 Nf6 2. c3 d6 3. f3 g6 4. e4 Nbd7 5. Bf4 Bg7 6. Qd2 0-0 7. Bh6 c5 8. Bxg7 Kxg7 9. dxc5 Nxc5 10. Na3 a6 11. Nc4 b5 12. Ne3 Bb7 13. Bd3 Nfd7 14. Ne2 e5 15. Bc2 Nb6 16. 0-0-0 Rc8 17. h4 Ne6 18. Kb1 Rc6 19. Bb3 Bc8 20. Ng4 Nc5 21. Qh6+ Kg8 22. h5 Nxb3 23. hxg6 1-0

[Event "Ottavi Province-ch 79th"]
[Site "Mestre"]
[Date "2019.01.27"]
[Round "4"]
[White "Corti, Lorenzo"]
[Black "Marson, Eva Jane"]
[Result "1-0"]
[WhiteElo "1250"]
[BlackElo "1166"]
[PlyCount "53"]
[EventDate "2019.01.25"]
[EventType "swiss"]
[EventRounds "5"]
[EventCountry "ITA"]
[SourceTitle "EXT 2022"]
[Source "ChessBase"]
[SourceDate "2021.10.06"]
[SourceVersion "1"]
[SourceVersionDate "2021.10.06"]
[SourceQuality "1"]

1. e4 e5 2. Nf3 Nc6 3. Bc4 Nf6 4. d4 exd4 5. 0-0 Bc5 6. e5 d5 7. exf6 dxc4 8. fxg7 Rg8 9. Re1+ Ne7 10. Bh6 Bg4 11. Nbd2 Qd5 12. Ne4 Qf5 13. Nxc5 Qxc5 14. Qxd4 Qxd4 15. Nxd4 Rd8 16. Bg5 Rxd4 17. Rxe7+ Kd8 18. Rxf7+ Ke8 19. Re7+ Kd8 20. Re4+ Kc8 21. Rxd4 Bd7 22. Bh6 b5 23. Rad1 Be6 24. Re1 Bd7 25. Re7 Bf5 26. Rf4 Rd8 27. h3 1-0

[Event "Treviso op-D 1st"]
[Site "Treviso"]
[Date "2017.03.17"]
[Round "1.18"]
[White "Verdelli, Eitan"]
[Black "Corti, Lorenzo"]
[Result "1-0"]
[WhiteElo "1426"]
[BlackElo "1165"]
[PlyCount "63"]
[EventDate "2017.03.17"]
[EventType "swiss"]
[EventRounds "5"]
[EventCountry "ITA"]
[SourceTitle "EXT 2024"]
[Source "ChessBase"]
[SourceDate "2023.10.10"]
[SourceVersion "1"]
[SourceVersionDate "2023.10.10"]
[SourceQuality "1"]

1. e4 d6 2. Nf3 Nf6 3. Nc3 g6 4. d4 Bg7 5. Be2 0-0 6. 0-0 Nbd7 7. Be3 b6 8. Bd3 Bb7 9. Qc1 c5 10. Bh6 cxd4 11. Nxd4 e5 12. Nde2 Ng4 13. Bxg7 Kxg7 14. h3 Nh6 15. f4 f5 16. exf5 Nxf5 17. fxe5 Nxe5 18. Bxf5 Rxf5 19. Rxf5 gxf5 20. Nf4 Kh8 21. Qd2 Bf3 22. Nb5 Be4 23. Nxd6 Qd7 24. Nxe4 fxe4 25. Qe3 Qa4 26. Qc3 Re8 27. Nh5 Qc4 28. Nf6 Re6 29. Rf1 Qxc3 30. bxc3 Nc4 31. Nh5 e3 32. Rf8# 1-0

[Event "Lombardia-ch"]
[Site "Monza"]
[Date "2005.05.15"]
[Round "3"]
[White "Villalba, Fernando"]
[Black "Corti, Lorenzo"]
[Result "1-0"]
[WhiteElo "1773"]
[BlackElo "1437"]
[PlyCount "90"]
[EventDate "2005.05.14"]
[EventType "swiss"]
[EventRounds "6"]
[EventCountry "ITA"]
[SourceTitle "EXT 2007"]
[Source "ChessBase"]
[SourceDate "2006.11.23"]
[SourceVersion "1"]
[SourceVersionDate "2006.11.23"]
[SourceQuality "1"]

1. e4 e5 2. Nf3 Nf6 3. Nc3 Nc6 4. d4 exd4 5. Nxd4 Nxd4 6. Qxd4 d6 7. Bg5 Be7 8. 0-0-0 0-0 9. f3 Be6 10. f4 Bg4 11. Ne2 c5 12. Qd2 Qb6 13. Qd3 Rad8 14. h3 Be6 15. Nc3 Rfe8 16. f5 Bd7 17. g4 Bc6 18. Bg2 a5 19. Bf4 a4 20. a3 Qa5 21. Bd2 Qa7 22. Bf3 h6 23. h4 Nh7 24. Rdg1 b5 25. g5 h5 26. g6 Bf6 27. gxh7+ Kxh7 28. Nxb5 Bxb5 29. Qxb5 Rb8 30. Qc4 Bxb2+ 31. Kd1 Bd4 32. Rf1 d5 33. exd5 Rb1+ 34. Bc1 Be3 35. Ke2 Bxc1+ 36. Kf2 Be3+ 37. Kg2 Rxf1 38. Rxf1 Qe7 39. Re1 Qf6 40. Qd3 Qd4 41. Qxd4 cxd4 42. Bxh5 Re5 43. Bxf7 Rxf5 44. Be6 Rf2+ 45. Kh3 Rxc2 1-0